000 00900nam a2200253Ia 4500
003 OSt
005 20221005104529.0
006 a|||||r|||| 00| 0
007 ta
008 221004b |||||||| |||| 00| 0 san d
024 _a33040
037 _cTextual
040 _aCRL
_cCRL
_bsan
041 _2san
_asan
082 _aO15,1D40:9, 152L0
100 _aद्विवेदी, हजारी प्रसाद
245 0 _aकालिदास की लालित्य योजना
246 _aKālidās kī lālitya yojanā
260 _aदिल्ली
_bराजकमल प्रकाशन भारत
_c1970
300 _a176पृ.
_ccm.
650 _aसंस्कृत साहित्य
942 _hO15,1D40:9, 152L0
_cTEXL
_2cc
999 _c1013002
_d1013002